000 00756cam a22002177a 4500
999 _c402
_d402
020 _a0323032095 (pbk.)
050 0 0 _aRT41
_b.St1
100 1 _aStanhope, Marcia.
110 _a Lancaster,Jeanette
245 1 0 _aFoundations of nursing in the community /
_cMarcia Stanhope and Jeanette Lancaster.
250 _a2nd ed.
260 _aSt. Louis, Mo. ;
_aLondon :
_bElsevier Mosby,
_c2006.
300 _axv, 781 p. :
_bill. ;
_c28 cm.
500 _aPrevious ed.: published as Foundations of community health nursing. St. Louis, Mo.; London: Mosby, 2002.
650 0 _aCommunity health nursing.
650 1 2 _aCommunity Health Nursing.
650 2 2 _aCommunity Health Services.
700 1 _aLancaster, Jeanette.
700 1 _aStanhope, Marcia.
942 _cBK